| 000 | 00416nam a2200181Ia 4500 | ||
|---|---|---|---|
| 001 | 23508 | ||
| 005 | 20260414150942.0 | ||
| 008 | 260414t1964||||xx |||||||||||||| ||spa|| | ||
| 041 | _aESP | ||
| 082 |
_a660 _bK41 |
||
| 100 |
_aKent, James A. _eAUT |
||
| 245 | 0 |
_aQuímica industrial _b |
|
| 260 | _c1964 | ||
| 300 |
_axl, 1094 páginas : _c23 cm. |
||
| 650 | _aTCA | ||
| 654 | _aCII | ||
| 942 |
_cLIB _dJUS _fJUS _2ddc _n |
||
| 999 |
_c23508 _d23508 |
||